000
00241nam a22000857a 4500
008
161020b xxu||||| |||| 00| 0 eng d
100
_9
902
_a
Bramson.R.
245
_a
How to handle Difficult People
260
_a
New Delhi
_b
Mannugran Publications
_c
2012
999
_c
3556
_d
3556